شرح أسماء الله الحسنى وصفاته العليا / (رقم التسجيلة. 100523)

تفاصيل مارك
000 -الفاتح
عناصر البيانات ثابتة الطول 01036cam a2200229 i 4500
005 - تاريخ ووقت آخر معاملة
حقل ضبط 20251204102248.0
008 - عناصر البيانات ثابتة الطول
عناصر البيانات ثابتة الطول 250721r2005 ua gr 000 0 ara d
082 14 - رقم تصنيف ديوي العشري
رقم التصنيف 214.2
رقم المادة ش ر ح
245 00 - بيان العنوان
العنوان شرح أسماء الله الحسنى وصفاته العليا /
بيان المسؤولية شرح الإمام أبي بكر البيهقي [و ثلاثة آخرون] ؛ اعتنى به وخرج أحاديثه أبو عبد الرحمن عادل بن سعد.
250 ## - بيان الطبعة
بيان الطبعة الطبعة الأولى.
264 31 - بيانات النشر، التوزيع…إلخ
مكان النشر، التوزيع...إلخ القاهرة :
اسم الناشر، الموزع...إلخ دار ابن الهيثم،
تاريخ النشر، التوزيع...إلخ [2005].
300 ## - الوصف المادي
عدد الوحدات المكونة للوعاء الجزء الثاني.
650 17 - مدخل إضافي بالموضوع - مصطلح موضوعي
مصطلح موضوعي أو اسم جغرافي كعنصر مدخل الأسماء الحسنى.
650 17 - مدخل إضافي بالموضوع - مصطلح موضوعي
مصطلح موضوعي أو اسم جغرافي كعنصر مدخل العقيدة الدينية.
700 1# - مدخل إضافي - اسم شخصي
الاسم الشخصي أبو بكر البيهقي
علاقة الشخص بالعمل/ دوره شارح.
700 1# - مدخل إضافي - اسم شخصي
الاسم الشخصي ابن تيمية
علاقة الشخص بالعمل/ دوره شارح.
700 1# - مدخل إضافي - اسم شخصي
الاسم الشخصي ابن قيم الجوزية
علاقة الشخص بالعمل/ دوره شارح.
700 1# - مدخل إضافي - اسم شخصي
الاسم الشخصي العثيمين، محمد بن صالح
علاقة الشخص بالعمل/ دوره شارح.
700 1# - مدخل إضافي - اسم شخصي
الاسم الشخصي بن سعد، أبو عبد الرحمن عادل
علاقة الشخص بالعمل/ دوره محقق.
942 ## - بيانات إضافية (كوها)
نوع التنصيف Dewey Decimal Classification
نوع المادة (كوها) كتب
المقتنيات
حالة السحب حالة الفقدان مصدر التصنيف حالة التلف غير قابل للإعارة المكتبة الرئيسية المكتبة الحالية موقع الرف تاريخ التزويد الرقم المتسلسل Total Checkouts رقم الإستدعاء الباركود تاريخ آخر ظهور تاريخ الفاتورة نوع المادة (كوها)
    Dewey Decimal Classification     المكتبة المركزية المكتبة المركزية الإعارة 28/07/2025 1034897   214.2/شرح 1034897 28/07/2025 28/07/2025 كتب
    Dewey Decimal Classification   Not For Loan المكتبة المركزية المكتبة المركزية مقتنيات قسم التزويد 28/07/2025 1034898   214.2/شرح 1034898 28/07/2025 28/07/2025 كتب
    Dewey Decimal Classification   Not For Loan المكتبة المركزية المكتبة المركزية مقتنيات قسم التزويد 28/07/2025 1034899   214.2/شرح 1034899 28/07/2025 28/07/2025 كتب
    Dewey Decimal Classification   Not For Loan المكتبة المركزية المكتبة المركزية مقتنيات قسم التزويد 28/07/2025 1034900   214.2/شرح 1034900 28/07/2025 28/07/2025 كتب
    Dewey Decimal Classification     المكتبة المركزية المكتبة المركزية الإعارة 28/07/2025 1034907   214.2 / ش ر ح 1034907 28/07/2025 28/07/2025 كتب
    Dewey Decimal Classification   Not For Loan المكتبة المركزية المكتبة المركزية مقتنيات قسم التزويد 28/07/2025 1034908   214.2/شرح 1034908 28/07/2025 28/07/2025 كتب
    Dewey Decimal Classification   Not For Loan المكتبة المركزية المكتبة المركزية مقتنيات قسم التزويد 28/07/2025 1034909   214.2/شرح 1034909 28/07/2025 28/07/2025 كتب
    Dewey Decimal Classification   Not For Loan المكتبة المركزية المكتبة المركزية مقتنيات قسم التزويد 28/07/2025 1034910   214.2/شرح 1034910 28/07/2025 28/07/2025 كتب
    Dewey Decimal Classification     مكتبة أبو علندا العامة مكتبة أبو علندا العامة الإعارة 28/07/2025 1034905   214.2/شرح 1034905 28/07/2025 28/07/2025 كتب
    Dewey Decimal Classification     مكتبة أبو علندا العامة مكتبة أبو علندا العامة الإعارة 28/07/2025 1034915   214.2/شرح 1034915 28/07/2025 28/07/2025 كتب
    Dewey Decimal Classification     مكتبة الأميرة ايمان العامة مكتبة الأميرة ايمان العامة الإعارة 28/07/2025 1034901   214.2/شرح 1034901 28/07/2025 28/07/2025 كتب
    Dewey Decimal Classification     مكتبة الأميرة ايمان العامة مكتبة الأميرة ايمان العامة الإعارة 28/07/2025 1034911   214.2/شرح 1034911 28/07/2025 28/07/2025 كتب
    Dewey Decimal Classification     مكتبة الحسن العامة مكتبة الحسن العامة الإعارة 28/07/2025 1034903   214.2/شرح 1034903 28/07/2025 28/07/2025 كتب
    Dewey Decimal Classification     مكتبة الحسن العامة مكتبة الحسن العامة الإعارة 28/07/2025 1034913   214.2/شرح 1034913 28/07/2025 28/07/2025 كتب
    Dewey Decimal Classification     مكتبة حمزة العامة مكتبة حمزة العامة الإعارة 28/07/2025 1034904   214.2/شرح 1034904 28/07/2025 28/07/2025 كتب
    Dewey Decimal Classification     مكتبة حمزة العامة مكتبة حمزة العامة الإعارة 28/07/2025 1034914   214.2/شرح 1034914 28/07/2025 28/07/2025 كتب
    Dewey Decimal Classification     مكتبة صويلح العامة مكتبة صويلح العامة الإعارة 28/07/2025 1034902   214.2/شرح 1034902 28/07/2025 28/07/2025 كتب
    Dewey Decimal Classification     مكتبة صويلح العامة مكتبة صويلح العامة الإعارة 28/07/2025 1034912   214.2/شرح 1034912 28/07/2025 28/07/2025 كتب
Implemented & Customized by: BBB with SCIT (Smart Chains for Information Technology)

Powered by Koha